|
|
|
|
| LEADER |
01082nam a2200253 i 4500 |
| 003 |
GR-PaULI |
| 005 |
20231031111250.0 |
| 008 |
231030s1969 uk fd||f b||| 001 0 eng d |
| 034 |
|
|
|a 0140208984
|
| 040 |
|
|
|a GR-PaULI
|c GR-PaULI
|b gre
|e AACR2
|
| 041 |
0 |
|
|a eng
|
| 082 |
|
|
|2 23
|a 330.942
|
| 100 |
1 |
|
|9 6084
|a Hobsbawm, Eric J.
|d 1917-2012
|q (Eric John),
|e συγγραφέας.
|
| 245 |
1 |
4 |
|a The Pelican economic history of Britain /
|c E. J. Hobsbawm.
|
| 260 |
|
|
|a Midlessex :
|b Penguin Books,
|c 1969.
|
| 300 |
|
|
|a τ. <3>. ;
|c 18 εκ.
|
| 500 |
|
|
|a τ. 3. 384 σ. - 1969.
|
| 504 |
|
|
|6 Περιλαμβάνει βιβλιογραφία και ευρετήριο.
|
| 505 |
|
|
|a τ. 3. From 1750 to the present day, Industry and empire
|
| 651 |
|
4 |
|9 184639
|a Μεγάλη Βρετανία
|x Οικονομικές συνθήκες.
|
| 942 |
|
|
|2 ddc
|c BK15
|
| 952 |
|
|
|0 0
|1 0
|2 ddc
|4 0
|6 330_942000000000000_HOB
|7 0
|9 375004
|a PHIL
|b PHIL
|d 2023-10-30
|i 12967
|l 0
|o 330.942 HOB
|p 025000242123
|r 2023-10-30 00:00:00
|t 1
|w 2023-10-30
|y BK15
|
| 998 |
|
|
|c ΚΑΝΕΛΛΟΠΟΥΛΟΥ
|d 2023-10
|
| 999 |
|
|
|c 218644
|d 218644
|